Modernism (Record no. 310)

MARC details
000 -LEADER
fixed length control field 00531 a2200169 4500
001 - CONTROL NUMBER
control field 066119
003 - CONTROL NUMBER IDENTIFIER
control field OSt
005 - DATE AND TIME OF LATEST TRANSACTION
control field 20210914144028.0
008 - FIXED-LENGTH DATA ELEMENTS--GENERAL INFORMATION
fixed length control field
082 ## - DEWEY DECIMAL CLASSIFICATION NUMBER
Classification number 809
Item number A57M
100 1# - MAIN ENTRY--PERSONAL NAME
Personal name Armstrong, Tim
245 1# - TITLE STATEMENT
Title Modernism
Statement of responsibility, etc by Tim Armstrong
260 ## - PUBLICATION, DISTRIBUTION, ETC. (IMPRINT)
Place of publication, distribution, etc UK
Name of publisher, distributor, etc Polity Press
Date of publication, distribution, etc 2005
300 ## - PHYSICAL DESCRIPTION
Extent 176p.
690 ## - LOCAL SUBJECT ADDED ENTRY--TOPICAL TERM (OCLC, RLIN)
Topical term or geographic name as entry element Literature and science; Modernism (Literature); Psychology in literature; Technology in literature; United States; Human body in literature; American literature
942 ## - ADDED ENTRY ELEMENTS (KOHA)
Source of classification or shelving scheme Dewey Decimal Classification
Koha item type Books
Holdings
Withdrawn status Lost status Source of classification or shelving scheme Damaged status Not for loan Collection code Home library Current library Date acquired Source of acquisition Cost, normal purchase price Total Checkouts Full call number Barcode Date last seen Date checked out Price effective from Koha item type
    Dewey Decimal Classification     General Text Book Central University Of Rajasthan Central University Of Rajasthan 07/03/2012 ENG 1135.00 2 809 A57M 405 10/04/2026 01/04/2026 02/09/2020 Books